Sociología industrial

Պահպանված է:
Մատենագիտական մանրամասներ
Հիմնական հեղինակ: Schneider, Eugene V (Հեղինակ)
Ձևաչափ: Գիրք
Լեզու:իսպաներեն
Հրապարակվել է: Madrid Guadarrama 1950
Շարք:Ciencias Humanas
Խորագրեր:
Ցուցիչներ: Ավելացրեք ցուցիչ
Չկան պիտակներ, Եղեք առաջինը, ով նշում է այս գրառումը!

MARC

LEADER 00000nam a2200000 a 4500
001 UCI2274
003 CL-VaPUC
008 070810e19500000sp |||||||||||||||||spa|d
082 0 4 |a 306.36  |b SCH  |2 21 
100 0 |a Schneider, Eugene V  |e author  |9 523217 
245 1 0 |a Sociología industrial 
300 |a 763 p 
942 |c BK 
945 |d 20070810 00:00:00  |a jtorresc 
260 |a Madrid  |b Guadarrama  |c 1950 
650 7 |a SOCIOLOGIA INDUSTRIAL  |2 CL-VaPUC  |9 307184 
650 7 |a CULTURA DEL TRABAJO  |2 CL-VaPUC  |9 356803 
650 0 |a Vida profesional  |9 335945 
650 0 |a Administración del personal  |9 260442 
650 7 |a SOCIOLOGIA OCUPACIONAL  |2 CL-VaPUC  |9 338468 
583 |a last modification  |c 20171017 12:05:34  |k Rodrigo Vera 
490 0 |a Ciencias Humanas 
999 |c 326893  |d 326891 
952 |0 0  |1 0  |4 0  |6 306_360000000000000_SCH_1950  |7 0  |8 P  |9 409142  |a BIBGIM  |b BIBGIM  |d 2019-11-22  |i 4363043  |o 306.36 SCH 1950  |p 4363043  |r 2025-01-15  |w 2019-11-22  |y BK  |k GIM